Music Quiz

Random Music or Lyrics Quiz

'Another world' Lyrics by One Direction Quiz Stats

 Plays Quiz not verified by Sporcle

Challenge
Share
Tweet
Embed
Score 0/292 Timer 10:00
0 Plays Today
% Correct
I
97.9%
I
97.9%
I
97.9%
I'll
97.9%
Oh
96.9%
hey-hey,
96.4%
yeah.
96.4%
Oh-oh-oh.
95.9%
Oh-oh-oh.
95.9%
[CHORUS]
95.9%
Yeah-yeah-woah.
95.9%
a
94.9%
a
94.9%
you,
94.4%
you
94.4%
you,
94.4%
you
94.4%
you
94.4%
You
94.4%
you
94.4%
you
94.4%
You
94.4%
you
94.4%
you
94.4%
You
94.4%
you
94.4%
you,
94.4%
you
94.4%
you
94.4%
you
94.4%
you
94.4%
You
94.4%
you
94.4%
you
94.4%
You
94.4%
you
94.4%
you
94.4%
You
94.4%
you
94.4%
you
94.4%
You
94.4%
you
94.4%
you
94.4%
you
94.4%
You
94.4%
you
94.4%
you
94.4%
You
94.4%
you
94.4%
you
94.4%
you
94.4%
you
94.4%
to
93.3%
to
93.3%
to
93.3%
to
93.3%
to
93.3%
to
93.3%
to
93.3%
to
93.3%
to
93.3%
to
93.3%
to
93.3%
to
93.3%
to
93.3%
to
93.3%
to
93.3%
world.
92.3%
world,
92.3%
world.
92.3%
world.
92.3%
world,
92.3%
world.
92.3%
world.
92.3%
world.
92.3%
world.
92.3%
world.
92.3%
world.
92.3%
world.
92.3%
the
91.8%
another
91.8%
another
91.8%
another
91.8%
the
91.8%
another
91.8%
another
91.8%
another
91.8%
another
91.8%
another
91.8%
the
91.8%
another
91.8%
another
91.8%
another
91.8%
another
91.8%
me,
91.3%
me,
91.3%
me
91.3%
me
91.3%
% Correct
me
91.3%
me
91.3%
me
91.3%
me
91.3%
me
91.3%
it?
90.8%
it.
90.8%
it.
90.8%
it.
90.8%
it.
90.8%
not
90.3%
not
90.3%
I'll
90.3%
up,
90.3%
I'll
90.3%
never
90.3%
stop.
90.3%
I'll
90.3%
take
90.3%
I'll
90.3%
up,
90.3%
I'll
90.3%
never
90.3%
stop.
90.3%
I'll
90.3%
take
90.3%
I'll
90.3%
up,
90.3%
I'll
90.3%
never
90.3%
stop.
90.3%
I'll
90.3%
take
90.3%
take
90.3%
I'll
90.3%
up,
90.3%
I'll
90.3%
never
90.3%
stop.
90.3%
I'll
90.3%
take
90.3%
I'll
90.3%
up,
90.3%
I'll
90.3%
never
90.3%
stop.
90.3%
I'll
90.3%
take
90.3%
I'll
90.3%
up,
90.3%
I'll
90.3%
never
90.3%
stop.
90.3%
I'll
90.3%
take
90.3%
Take
90.3%
I'll
90.3%
take
90.3%
take
90.3%
I'll
90.3%
I'll
90.3%
up,
90.3%
I'll
90.3%
stop.
90.3%
I'll
90.3%
take
90.3%
I'll
90.3%
up,
90.3%
I'll
90.3%
never
90.3%
stop.
90.3%
Take
90.3%
Take
90.3%
lift
89.7%
lift
89.7%
lift
89.7%
lift
89.7%
lift
89.7%
It's
89.2%
it's
89.2%
It's
89.2%
know
89.2%
know
89.2%
know
89.2%
know
89.2%
know
89.2%
know
89.2%
know
89.2%
know
89.2%
know
89.2%
know
89.2%
be
88.2%
be
88.2%
on
87.7%
just
87.2%
just
87.2%
just
87.2%
Just
87.2%
% Correct
Just
87.2%
there's
86.2%
I'm
86.2%
I'm
86.2%
bring
86.2%
bring
86.2%
I'm
86.2%
reason.
85.6%
life.
85.6%
life.
85.6%
will
85.1%
in
85.1%
will
85.1%
in
85.1%
in
85.1%
in
85.1%
in
85.1%
can
84.6%
feel
84.6%
Words
83.6%
words
83.6%
them
83.6%
Words
83.6%
words
83.6%
them
83.6%
like
83.1%
till
82.6%
till
82.6%
tryna
82.1%
fire,
82.1%
signals
80.5%
girl,
80.5%
every
80.5%
every
80.5%
Girl,
80.5%
girl,
80.5%
every
80.5%
every
80.5%
day,
79%
day,
79%
read
78.5%
way.
78.5%
Let
78.5%
let
78.5%
way.
78.5%
let
78.5%
let
78.5%
let
78.5%
let
78.5%
let
78.5%
receiving.
77.9%
but
77.9%
don't
77.4%
believe
77.4%
believe
77.4%
stone
76.9%
for
75.9%
for
75.9%
about
75.4%
your
75.4%
and
74.9%
and
74.9%
One
74.4%
one
74.4%
that
74.4%
so
73.8%
what
73.3%
what
73.3%
you're
71.3%
build
70.8%
higher,
70.8%
build
70.8%
build
70.8%
pretty
70.3%
my
70.3%
Baby,
69.2%
show
69.2%
show
69.2%
doing?
68.7%
'Cause
68.7%
when
67.7%
out
67.2%
heart,
67.2%
music
65.6%
keep
65.6%
good
65.1%
secret.
64.6%
moving.
64.1%
prove
64.1%
find
63.6%
jump
63.1%
Close
62.6%
sounds
62.1%
deep
61%
end.
61%
meaning.
55.9%

You're not logged in!

Compare scores with friends on all Sporcle quizzes.
OR
Log In

You Might Also Like...

Show Comments

Extras

Top Quizzes Today


Score Distribution

Your Account Isn't Verified!

In order to create a playlist on Sporcle, you need to verify the email address you used during registration. Go to your Sporcle Settings to finish the process.

Report this User

Report this user for behavior that violates our Community Guidelines.

Details: